[Event "38th ECC Open 2023"]
[Site "Durres ALB"]
[Date "2023.10.05"]
[Round "5.6"]
[Board "1"]
[White "Sarana, Alexey"]
[Black "Blomqvist, Erik"]
[Result "1-0"]
[WhiteTitle "GM"]
[BlackTitle "GM"]
[WhiteElo "2682"]
[BlackElo "2509"]
[WhiteTeam "Sentimento Ajka BSK"]
[BlackTeam "SK Rockaden"]
[WhiteFideId "24133795"]
[BlackFideId "1709437"]
[EventDate "2023.10.01"]

1. c4 e5 2. g3 Nf6 3. Bg2 c6 4. Nf3 e4 5. Nd4 Qb6 6. Nc2 d5 7. Nc3 Be7 8. O-O
O-O 9. cxd5 cxd5 10. d3 Nc6 11. dxe4 dxe4 12. Nd5 Qc5 13. Nxe7+ Qxe7 14. b3 Rd8
15. Qe1 Qe5 16. Be3 h6 17. Rd1 Be6 18. f3 Qb2 19. Rxd8+ Rxd8 20. Qb1 Qxb1 21.
Rxb1 exf3 22. exf3 Bf5 23. Rc1 Nd5 24. Bd2 Nc7 25. Be1 Re8 26. Bf2 Nb5 27. Bf1
a6 28. a4 Nc7 29. Nb4 Bd7 30. Nd3 Ne6 31. Rc3 Rc8 32. Be2 Ncd4 33. Rxc8+ Bxc8
34. Bd1 b5 35. Be3 Bb7 36. Kf2 Bd5 37. Bxd4 Nxd4 38. Nc5 bxa4 39. bxa4 a5 40.
Ke3 Nc6 41. Bb3 Bxb3 42. Nxb3 f5 43. Kd3 Ne5+ 44. Kd4 Nxf3+ 45. Kd5 Ng5 46. Nxa5
Ne4 47. Kd4 Kf7 48. Nb7 Ke7 49. a5 Kd7 50. Nc5+ Nxc5 51. Kxc5 1-0

[Event "38th ECC Open 2023"]
[Site "Durres ALB"]
[Date "2023.10.05"]
[Round "5.6"]
[Board "2"]
[White "Seo, Jung Min"]
[Black "Pechac, Jergus"]
[Result "1/2-1/2"]
[WhiteTitle "IM"]
[BlackTitle "GM"]
[WhiteElo "2466"]
[BlackElo "2596"]
[WhiteTeam "SK Rockaden"]
[BlackTeam "Sentimento Ajka BSK"]
[WhiteFideId "1734687"]
[BlackFideId "14926970"]
[EventDate "2023.10.01"]

1. d4 Nf6 2. c4 e6 3. Nf3 d5 4. Nc3 Be7 5. Bf4 O-O 6. e3 Nbd7 7. a3 c5 8. cxd5
Nxd5 9. Nxd5 exd5 10. dxc5 Nxc5 11. Be5 Bf5 12. Be2 Be4 13. O-O Bf6 14. Bxf6
Qxf6 15. Nd4 Ne6 16. Qd2 Qg5 17. f3 Nxd4 18. Qxd4 Bf5 19. Rfe1 h5 20. Rac1 h4
21. Rc5 Rad8 22. Bf1 Bc8 23. Rec1 Rfe8 24. R1c3 a6 25. Kf2 Be6 26. Rc7 Rd7 27.
Rxd7 Bxd7 28. Rc5 Be6 29. Rc7 Rc8 30. Rxc8+ Bxc8 31. b4 Bd7 32. Bd3 Bc6 33. Bc2
Qe7 34. Bb3 Qg5 35. a4 Qf5 36. Qxh4 Qd3 37. Qd8+ Kh7 38. Qh4+ Kg8 39. Qd8+ Kh7
40. Qh4+ Kg8 41. Qd8+ 1/2-1/2

[Event "38th ECC Open 2023"]
[Site "Durres ALB"]
[Date "2023.10.05"]
[Round "5.6"]
[Board "3"]
[White "Banusz, Tamas"]
[Black "Trost, Edvin"]
[Result "1-0"]
[WhiteTitle "GM"]
[BlackTitle "FM"]
[WhiteElo "2600"]
[BlackElo "2442"]
[WhiteTeam "Sentimento Ajka BSK"]
[BlackTeam "SK Rockaden"]
[WhiteFideId "722413"]
[BlackFideId "1729519"]
[EventDate "2023.10.01"]

1. d4 d5 2. Nf3 Nf6 3. c3 g6 4. Bf4 Bg7 5. e3 O-O 6. Nbd2 c5 7. Be2 Nc6 8. dxc5
Nh5 9. Bg5 h6 10. Bh4 g5 11. Bg3 Nxg3 12. hxg3 e5 13. e4 Be6 14. Qa4 f5 15. exd5
Bxd5 16. O-O-O Qe7 17. Nc4 Qxc5 18. b4 Qxf2 19. Rxd5 Qxe2 20. Qb3 Rac8 21. Nd6
Kh8 22. Rd2 Qe3 23. Re1 Qb6 24. Nxc8 Rxc8 25. Qe6 Rf8 26. Nxg5 Ne7 27. Qxe7 hxg5
28. Rd6 Qb5 29. Rh1+ Kg8 30. Qe6+ Rf7 31. Rd8+ Bf8 32. Rxf8+ Kxf8 33. Rh8+ 1-0

[Event "38th ECC Open 2023"]
[Site "Durres ALB"]
[Date "2023.10.05"]
[Round "5.6"]
[Board "4"]
[White "Barkhagen, Jonas"]
[Black "Ivic, Velimir"]
[Result "1/2-1/2"]
[WhiteTitle "IM"]
[BlackTitle "GM"]
[WhiteElo "2425"]
[BlackElo "2562"]
[WhiteTeam "SK Rockaden"]
[BlackTeam "Sentimento Ajka BSK"]
[WhiteFideId "1700855"]
[BlackFideId "950122"]
[EventDate "2023.10.01"]

1. d4 Nf6 2. Nf3 g6 3. Bg5 Bg7 4. Nbd2 O-O 5. e3 d6 6. Bc4 Nc6 7. O-O Qe8 8. c3
e5 9. dxe5 dxe5 10. e4 h6 11. Bxf6 Bxf6 12. Re1 Qe7 13. Nf1 Nb8 14. Qd2 Kg7 15.
Ne3 c6 16. Rad1 h5 17. Be2 Nd7 18. Nc4 Nb6 19. Qe3 Nxc4 20. Bxc4 Qc7 21. Qc5 Bg4
22. Qe3 Qb6 23. h3 Bc8 24. Re2 Re8 25. Bb3 Qxe3 26. Rxe3 a5 27. a4 Ra7 28. Bc4
b6 29. Red3 Rc7 30. Kf1 Ree7 31. Rd8 Bb7 32. R1d6 b5 33. axb5 cxb5 34. Bd5 b4
35. Bxb7 bxc3 36. bxc3 Rxb7 37. Ra8 Rb1+ 38. Ke2 Rc7 39. Rxa5 Rxc3 40. Nxe5 Rb4
41. Nd3 Rxe4+ 42. Kf3 Rd4 43. Rxd4 Bxd4 44. Ke2 Rc2+ 45. Kd1 Rc6 1/2-1/2

[Event "38th ECC Open 2023"]
[Site "Durres ALB"]
[Date "2023.10.05"]
[Round "5.6"]
[Board "5"]
[White "Balog, Imre"]
[Black "Kenneskog, Theodor"]
[Result "1-0"]
[WhiteTitle "GM"]
[BlackTitle "FM"]
[WhiteElo "2622"]
[BlackElo "2335"]
[WhiteTeam "Sentimento Ajka BSK"]
[BlackTeam "SK Rockaden"]
[WhiteFideId "728446"]
[BlackFideId "1715011"]
[EventDate "2023.10.01"]

1. d4 Nf6 2. c4 e6 3. Nf3 d5 4. g3 dxc4 5. Bg2 c5 6. O-O Nc6 7. Na3 cxd4 8. Nxc4
Bc5 9. Bf4 Nd5 10. Be5 O-O 11. Rc1 Qe7 12. Nxd4 Nxe5 13. Nxe5 Bb6 14. e3 Rd8 15.
Qb3 Qf6 16. Ndf3 Bd7 17. Nc4 Bc6 18. Nfe5 Bc7 19. Nxc6 bxc6 20. a3 Rab8 21. Qc2
c5 22. Rfd1 Be5 23. b3 Rbc8 24. Rd3 Nb6 25. Nxe5 Qxe5 26. Qxc5 Qxc5 27. Rxd8+
Rxd8 28. Rxc5 Rd3 29. a4 g6 30. Rb5 Kg7 31. Kf1 Rc3 32. Ke1 Rc1+ 33. Kd2 Rg1 34.
Bc6 Rf1 35. Ke2 Rb1 36. f4 Rb2+ 37. Kd3 Rxh2 38. a5 Nc8 39. Rb7 Rb2 40. Ba4 Rg2
41. Bd7 Nd6 42. Rxa7 Rxg3 43. Bxe6 1-0

[Event "38th ECC Open 2023"]
[Site "Durres ALB"]
[Date "2023.10.05"]
[Round "5.6"]
[Board "6"]
[White "Bator, Robert"]
[Black "Korpa, Bence"]
[Result "1/2-1/2"]
[WhiteTitle "IM"]
[BlackTitle "GM"]
[WhiteElo "2342"]
[BlackElo "2522"]
[WhiteTeam "SK Rockaden"]
[BlackTeam "Sentimento Ajka BSK"]
[WhiteFideId "1700405"]
[BlackFideId "706671"]
[EventDate "2023.10.01"]

1. e4 c6 2. d4 d5 3. e5 Bf5 4. Nf3 e6 5. Be2 Nd7 6. O-O Bg6 7. a4 a5 8. Nbd2 Nh6
9. Nb3 Nf5 10. Bd2 h5 11. Qe1 b6 12. c4 dxc4 13. Bxc4 Be7 14. Qe2 h4 15. Bd3 h3
16. g3 Bb4 17. Bxb4 axb4 18. Be4 Nb8 19. Rfd1 Ne7 20. Ng5 Bxe4 21. Qxe4 Qd5 22.
Qxd5 cxd5 23. a5 bxa5 24. Nxa5 Ra7 25. Rdc1 O-O 26. Nxh3 Nf5 27. Nb3 Rxa1 28.
Rxa1 Nd7 29. Ra7 Nb6 30. Kg2 Nc4 31. Rb7 Nxb2 32. Rxb4 Nd3 33. Rb7 Ne1+ 34. Kf1
Nf3 35. Rb4 1/2-1/2

[Event "38th ECC Open 2023"]
[Site "Durres ALB"]
[Date "2023.10.05"]
[Round "5.7"]
[Board "1"]
[White "Mamedov, Rauf"]
[Black "Pruijssers, Roeland"]
[Result "1-0"]
[WhiteTitle "GM"]
[BlackTitle "GM"]
[WhiteElo "2640"]
[BlackElo "2540"]
[WhiteTeam "Vugar Gashimov"]
[BlackTeam "SV Werder Bremen"]
[WhiteFideId "13401653"]
[BlackFideId "1013068"]
[EventDate "2023.10.01"]

1. e4 Nf6 2. e5 Nd5 3. d4 d6 4. Nf3 dxe5 5. Nxe5 g6 6. Bc4 c6 7. O-O Bg7 8. Re1
O-O 9. Bb3 Nd7 10. Nf3 b5 11. Bg5 N7b6 12. Nc3 a5 13. Nxd5 Nxd5 14. a4 Re8 15.
Qd2 b4 16. Bh6 Bh8 17. Ne5 Qd6 18. Bf4 Be6 19. Bg3 Bxe5 20. Rxe5 Qd7 21. Rae1
Nc7 22. Rxe6 Nxe6 23. Be5 Ng7 24. Qh6 Nf5 25. Bxf7+ Kxf7 26. Qxh7+ Ke6 27. Bf4+
Kf6 28. h4 Nd6 29. Bg5+ Kf5 30. Re5+ Kg4 31. f3+ Kg3 32. Bf4+ Kxf4 33. Qh6+ Kg3
34. Qg5+ Qg4 35. Qxg4# 1-0

[Event "38th ECC Open 2023"]
[Site "Durres ALB"]
[Date "2023.10.05"]
[Round "5.7"]
[Board "2"]
[White "Wachinger, Nikolas"]
[Black "Suleymanli, Aydin"]
[Result "1/2-1/2"]
[WhiteTitle "IM"]
[BlackTitle "GM"]
[WhiteElo "2426"]
[BlackElo "2588"]
[WhiteTeam "SV Werder Bremen"]
[BlackTeam "Vugar Gashimov"]
[WhiteFideId "12962791"]
[BlackFideId "13413937"]
[EventDate "2023.10.01"]

1. e4 e5 2. Nf3 Nc6 3. Bb5 a6 4. Ba4 Nf6 5. O-O Be7 6. Re1 b5 7. Bb3 O-O 8. h3
Bb7 9. d3 d5 10. exd5 Nxd5 11. Nbd2 Qd7 12. a4 Nf4 13. Ne4 Ng6 14. h4 Qg4 15.
Bg5 Bxg5 16. hxg5 Rad8 17. g3 Qh3 18. axb5 axb5 19. c3 Kh8 20. Nh2 Nce7 21. Qg4
Qxg4 22. Nxg4 Bc8 23. Ne3 Rxd3 24. Ra7 c6 25. Rea1 f5 26. gxf6 gxf6 27. Rc7 f5
28. Ng5 f4 29. gxf4 exf4 30. Ng2 Rd7 31. Rxd7 Bxd7 32. Ra7 Bc8 33. Nh4 Kg7 34.
Nxg6 Kxg6 35. Nxh7 Re8 36. Nf8+ Rxf8 37. Rxe7 Bg4 1/2-1/2

[Event "38th ECC Open 2023"]
[Site "Durres ALB"]
[Date "2023.10.05"]
[Round "5.7"]
[Board "3"]
[White "Asadli, Vugar"]
[Black "Grigorian, Spartak"]
[Result "1/2-1/2"]
[WhiteTitle "GM"]
[BlackTitle "IM"]
[WhiteElo "2563"]
[BlackElo "2444"]
[WhiteTeam "Vugar Gashimov"]
[BlackTeam "SV Werder Bremen"]
[WhiteFideId "13405764"]
[BlackFideId "24661490"]
[EventDate "2023.10.01"]

1. e4 c5 2. Nf3 d6 3. Bc4 Nf6 4. d3 Nc6 5. O-O g6 6. a4 Bg7 7. c3 O-O 8. Re1 h6
9. h3 b6 10. Bb3 e5 11. Na3 d5 12. exd5 Nxd5 13. Nc4 Re8 14. Nfd2 Be6 15. Ne4
Re7 16. f3 f5 17. Nf2 Kh7 18. Bd2 Qd7 19. Ne3 Nf4 20. Bxe6 Rxe6 21. Nc4 Nd5 22.
Qb3 Nc7 23. Be3 Qe7 24. Qa3 Nd5 25. Qb3 Nc7 26. Qa3 Bf8 27. Re2 Re8 28. Rae1 Qd7
29. Qb3 Qd5 30. Qc2 Bg7 31. f4 exf4 32. Bxf4 Rxe2 33. Rxe2 Ne6 34. Bd6 Ned4 35.
cxd4 Nxd4 36. Rxe8 Nxc2 37. Re7 Kg8 38. Re8+ Kh7 39. Re7 Nd4 40. Be5 Ne6 41. Nd1
Kg8 42. Nde3 Qc6 43. Rxa7 f4 44. Ng4 h5 45. Bxg7 hxg4 46. Ne5 Qc8 47. Bf6 Nc7
48. hxg4 Qb8 49. Nc6 Qe8 50. Ne5 Qb8 51. Nc6 Qe8 52. Ne5 1/2-1/2

[Event "38th ECC Open 2023"]
[Site "Durres ALB"]
[Date "2023.10.05"]
[Round "5.7"]
[Board "5"]
[White "Samadov, Read"]
[Black "Reuker, Jari"]
[Result "1-0"]
[WhiteTitle "IM"]
[BlackTitle "IM"]
[WhiteElo "2492"]
[BlackElo "2403"]
[WhiteTeam "Vugar Gashimov"]
[BlackTeam "SV Werder Bremen"]
[WhiteFideId "13417444"]
[BlackFideId "12909300"]
[EventDate "2023.10.01"]

1. Nf3 d5 2. g3 Nf6 3. Bg2 c5 4. O-O e6 5. c4 d4 6. e3 Nc6 7. exd4 cxd4 8. d3
Bd6 9. Bg5 h6 10. Bxf6 gxf6 11. Nbd2 Kf8 12. Rc1 a5 13. a3 h5 14. c5 Be7 15. Rc4
e5 16. Qe2 Bg4 17. b4 axb4 18. axb4 Ra2 19. Rfc1 Rb2 20. Rb1 Rxb1+ 21. Nxb1 Be6
22. Nbd2 Bxc4 23. Nxc4 Nxb4 24. Nh4 Qd7 25. Qf3 Nc6 26. Nd6 Nd8 27. h3 Qc6 28.
Qf5 Qxc5 29. Nxb7 Qc1+ 30. Kh2 Nxb7 31. Bxb7 Qc7 32. Bd5 Ke8 33. Qf3 Qd6 34. Nf5
Qb6 35. Bc4 Qd8 36. Qb7 Kf8 37. h4 Rh7 38. Kg1 Ba3 39. Kf1 Kg8 40. Kg2 Bf8 41.
Qc6 Kh8 42. Bd5 Kg8 43. Be4 Kh8 44. Kh2 Kg8 45. Kh3 Kh8 46. f3 Kg8 47. g4 hxg4+
48. fxg4 Kh8 49. h5 Bh6 50. Nd6 Rg7 51. Bd5 Kg8 52. Nf5 Bg5 53. Qb7 Rh7 54. Kg2
Kh8 55. Kf3 Bd2 56. Be4 Bg5 57. Kg2 Rg7 58. h6 Rh7 59. Nd6 Bxh6 60. Nxf7+ Rxf7
61. Qxf7 Bg7 62. Kf3 f5 63. Bxf5 Qf6 64. Qd7 Kg8 65. Ke4 Kf8 66. Qc8+ Ke7 67.
Qc7+ Kf8 68. Qd7 Qe7 69. Qc6 Qf6 70. Qa8+ Ke7 71. Qc8 Qd6 72. g5 Qd8 73. Qb7+
Kf8 74. Bg6 Kg8 75. Bf7+ Kf8 76. Bc4 Qe7 77. Qc8+ Qe8 78. Qf5+ Ke7 79. Qe6+ Kd8
80. Qb6+ Ke7 81. Kf5 Bh8 82. Qc5+ Kd8 83. Qa5+ Ke7 84. Qb4+ Kd8 85. Qb6+ Ke7 86.
Qc5+ Kd8 87. Be6 Qh5 88. Qd6+ Ke8 89. Bd7+ Kf7 90. Be6+ Ke8 91. Qb8+ Ke7 92.
Qc7+ Kf8 93. Qc5+ Ke8 94. Qc8+ Ke7 95. Qd7+ Kf8 96. Qd8+ Qe8 97. Qd6+ Qe7 98.
Qb8+ Qe8 99. Qb7 Qh5 100. Qa8+ Ke7 101. Qa3+ Ke8 102. Qa4+ Kf8 103. Qb4+ Ke8
104. Qb5+ Kf8 105. Qc5+ Ke8 106. Qc6+ Kf8 107. Bd5 Qh7+ 108. Kg4 Qe7 109. Be4
Qf7 110. Bf5 Qe7 111. Bg6 e4 112. Bxe4 Be5 113. Qc8+ Kg7 114. Bd5 Qf8 115. Qd7+
Kh8 116. Kh5 Bg7 117. Kg6 Bh6 118. Qh7# 1-0

[Event "38th ECC Open 2023"]
[Site "Durres ALB"]
[Date "2023.10.05"]
[Round "5.7"]
[Board "6"]
[White "Charmeteau, Sven"]
[Black "Sadikhov, Ulvi"]
[Result "0-1"]
[WhiteTitle "FM"]
[BlackTitle "GM"]
[WhiteElo "2288"]
[BlackElo "2492"]
[WhiteTeam "SV Werder Bremen"]
[BlackTeam "Vugar Gashimov"]
[WhiteFideId "638285"]
[BlackFideId "13401416"]
[EventDate "2023.10.01"]

1. e4 c5 2. Nf3 Nc6 3. d4 cxd4 4. Nxd4 g6 5. Nc3 Bg7 6. Be3 Nf6 7. Bc4 O-O 8.
Bb3 Re8 9. O-O d6 10. h3 Na5 11. Qd3 b6 12. Rae1 Nxb3 13. axb3 Bb7 14. f4 a6 15.
f5 b5 16. Rf2 Nd7 17. Bg5 Ne5 18. Qd1 Qa5 19. Nd5 Bxd5 20. exd5 b4 21. Nf3 Rad8
22. Ref1 Qc5 23. Kh1 Nd7 24. Nh2 h6 25. fxg6 fxg6 26. Bh4 g5 27. Bg3 Nf6 28. Rf5
Rc8 29. Qe1 Qxc2 30. Qe6+ Kh8 31. Ng4 Qxb3 32. Nxf6 exf6 33. Qxd6 Red8 34. R5f3
Qxd5 35. Qxb4 Rc2 36. Be1 Qb5 37. Qxb5 axb5 38. Bc3 Rd6 39. b3 Kh7 40. Bxf6 Bxf6
41. Rxf6 Rxf6 42. Rxf6 Rc3 43. h4 gxh4 44. b4 Rc4 45. Kh2 Rxb4 46. Kh3 Rd4 47.
Rb6 b4 48. Rc6 Kg7 49. Rb6 h5 50. Rb5 Kf6 51. Rxh5 Ke6 52. g4 hxg3 53. Kxg3 Kd6
54. Kf3 Rd5 55. Rh8 Kc5 56. Ke4 Rd7 0-1

[Event "38th ECC Open 2023"]
[Site "Durres ALB"]
[Date "2023.10.05"]
[Round "5.8"]
[Board "1"]
[White "Yankelevich, Lev"]
[Black "Floor, Dirk"]
[Result "1-0"]
[WhiteTitle "GM"]
[BlackTitle "CM"]
[WhiteElo "2399"]
[BlackElo "2166"]
[WhiteTeam "CE Le Cavalier Differdange"]
[BlackTeam "Paul Keres 2"]
[WhiteFideId "24684074"]
[BlackFideId "1004913"]
[EventDate "2023.10.01"]

1. d4 Nf6 2. c4 e6 3. g3 c5 4. d5 exd5 5. cxd5 d6 6. Nc3 g6 7. Nf3 Bg7 8. Bg2
O-O 9. O-O Re8 10. Re1 a6 11. a4 Ne4 12. Nxe4 Rxe4 13. Nd2 Rb4 14. Ra2 Nd7 15.
b3 a5 16. Qc2 b5 17. Ba3 bxa4 18. Bxb4 axb3 19. Nxb3 cxb4 20. Rxa5 Rxa5 21. Nxa5
Bc3 22. Nc6 Qf6 23. Rb1 Ne5 24. Nxb4 Ng4 25. Nd3 Bf5 26. e4 Bd7 27. Rb7 Be8 28.
Rb8 Kf8 29. Rc8 Bd4 30. Rxe8+ 1-0

[Event "38th ECC Open 2023"]
[Site "Durres ALB"]
[Date "2023.10.05"]
[Round "5.8"]
[Board "2"]
[White "Otte, Marijn"]
[Black "Salles, Louis"]
[Result "0-1"]
[WhiteTitle "FM"]
[BlackTitle "FM"]
[WhiteElo "2154"]
[BlackElo "2318"]
[WhiteTeam "Paul Keres 2"]
[BlackTeam "CE Le Cavalier Differdange"]
[WhiteFideId "1013971"]
[BlackFideId "20641826"]
[EventDate "2023.10.01"]

1. e4 c5 2. Nf3 d6 3. d4 cxd4 4. Nxd4 Nf6 5. Nc3 a6 6. Bg5 e6 7. f4 Be7 8. Qf3
Qc7 9. O-O-O Nbd7 10. g4 b5 11. Bxf6 Nxf6 12. g5 Nd7 13. f5 O-O 14. Rg1 b4 15.
Nce2 e5 16. Nb3 f6 17. gxf6 Nxf6 18. Ng3 a5 19. Nd2 Ba6 20. Bxa6 Rxa6 21. Qb3+
Kh8 22. Nc4 a4 23. Qd3 Rc8 24. Ne3 Rc6 25. Rg2 Qb6 26. Kb1 Rc3 0-1

[Event "38th ECC Open 2023"]
[Site "Durres ALB"]
[Date "2023.10.05"]
[Round "5.8"]
[Board "3"]
[White "Cahen, Alexis"]
[Black "Boogaard, Sander"]
[Result "1-0"]
[WhiteElo "2049"]
[BlackElo "2118"]
[WhiteTeam "CE Le Cavalier Differdange"]
[BlackTeam "Paul Keres 2"]
[WhiteFideId "26076918"]
[BlackFideId "1033611"]
[EventDate "2023.10.01"]

1. d4 Nf6 2. c4 e6 3. Nf3 c5 4. d5 b5 5. a4 b4 6. Nbd2 exd5 7. cxd5 d6 8. e4 Be7
9. Bb5+ Bd7 10. Bd3 Bg4 11. b3 O-O 12. Bb2 Nfd7 13. Nc4 Bf6 14. Ra2 Bxb2 15.
Rxb2 Qf6 16. h3 Bxf3 17. Qxf3 Qc3+ 18. Rd2 Ne5 19. Nxe5 Qxe5 20. O-O Nd7 21. Bb5
Nf6 22. Re1 a6 23. Bc6 Ra7 24. Qe3 Nh5 25. g3 g5 26. Rf1 Re7 27. Re2 Kh8 28. Kh2
Rg8 29. a5 Nf6 30. Rfe1 Rg6 31. f4 gxf4 32. Qxf4 Qd4 33. e5 Rxe5 34. Rxe5 dxe5
35. Qxd4 exd4 36. d6 Kg7 37. d7 Nxd7 38. Bxd7 d3 39. Rd1 Rd6 40. Bf5 d2 41. Kg2
Rd4 42. Kf3 c4 43. Ke3 Rd5 44. Be4 Rxa5 45. bxc4 f5 46. Bd3 Ra2 47. Rxd2 f4+ 48.
gxf4 b3 49. Bb1 Ra3 50. Kd4 Kf6 51. Rb2 a5 52. Bxh7 a4 53. Kc3 Ra1 54. Rb1 Ra2
55. Kb4 Ke7 56. c5 Kd8 57. Bg8 Kc7 58. Bd5 Rd2 59. Bc4 Rd4 60. Kxa4 Rxc4+ 61.
Kb5 Rc3 62. Kb4 Rxh3 63. Rxb3 Rh4 64. Rf3 Kc6 65. Kc4 Rh5 66. Kd4 Rxc5 67. Ra3
Rc1 68. Ke5 Kd7 69. Kf6 Rc6+ 70. Kf7 Rc5 71. Rd3+ Kc6 72. Ke6 Rc1 73. f5 Re1+
74. Kf7 Rf1 75. f6 Rf2 76. Ke7 Re2+ 77. Kf8 Rf2 78. f7 Rf4 79. Rg3 1-0

[Event "38th ECC Open 2023"]
[Site "Durres ALB"]
[Date "2023.10.05"]
[Round "5.8"]
[Board "4"]
[White "Van de Lagemaat, Arend"]
[Black "Gengler, Pierre"]
[Result "0-1"]
[WhiteElo "2034"]
[BlackElo "2130"]
[WhiteTeam "Paul Keres 2"]
[BlackTeam "CE Le Cavalier Differdange"]
[WhiteFideId "1068466"]
[BlackFideId "4000714"]
[EventDate "2023.10.01"]

1. d4 Nf6 2. Nf3 g6 3. g3 Bg7 4. Bg2 O-O 5. O-O d6 6. b3 c5 7. Bb2 cxd4 8. Nxd4
d5 9. c4 dxc4 10. bxc4 Qb6 11. Qc1 Ng4 12. c5 Qa6 13. h3 Ne5 14. Nd2 Nbc6 15.
N2b3 Bd7 16. Rd1 Nxd4 17. Nxd4 Ba4 18. Re1 Rac8 19. Rb1 b6 20. c6 Nc4 21. Ba1 e5
22. Bd5 Na5 23. Qa3 b5 24. Nb3 Bxb3 25. axb3 Qb6 26. b4 Nxc6 27. e3 Ne7 28. Be4
Rc4 29. Bd3 Rc7 30. Rbd1 Rfc8 31. Rd2 Rd8 32. Ra2 Rcd7 33. Be2 Nf5 34. Kg2 Nd6
35. Qa6 Qb8 36. Ra5 Qa8+ 37. Bf3 e4 38. Bg4 Rc7 39. Bxg7 Kxg7 40. Rd1 Nc4 41.
Rxb5 Rxd1 42. Bxd1 Qd8 43. Be2 Nb6 44. Rc5 Rd7 45. Re5 Re7 46. Qa1 f6 47. Ra5
Qc7 48. Rc5 Qd6 49. Qc1 Nd7 50. Rc4 f5 51. Qa1+ Kh6 52. Qc3 Ne5 53. Rc5 Nd3 54.
Rc4 Ne5 55. Rc5 Nd7 56. Rc6 Qe5 57. Qd2 Nb6 58. Qd8 Kg7 59. Qd2 Rd7 60. Qc2 Nd5
61. Qc4 Qb2 62. b5 Nb6 63. Qc2 Qxc2 64. Rxc2 Kf7 65. g4 Nd5 66. gxf5 gxf5 67.
Rc6 Nb4 68. Bc4+ Kg7 69. Be6 Nxc6 70. Bxd7 Ne7 71. Kf1 Kf6 72. Ke2 Ng6 73. Bc8
Nh4 74. Bd7 Nf3 75. Kf1 h5 76. Kg2 h4 77. Kf1 Ke5 78. Kg2 Ng5 79. Bc8 Nf7 80.
Bd7 Nd6 81. Kf1 Kd5 82. Ke2 Kc4 83. Ke1 Kc5 84. Ke2 Kd5 85. f4 Kc5 86. Kd2 Kb6
87. Ke2 Kc7 88. Be6 Kd8 89. Kd2 Ke7 90. Bg8 Nxb5 91. Kc2 Nd6 92. Kc3 Nf7 93. Kd4
Kf6 94. Bh7 Nh6 95. Kd5 a5 0-1

[Event "38th ECC Open 2023"]
[Site "Durres ALB"]
[Date "2023.10.05"]
[Round "5.8"]
[Board "5"]
[White "Barthel, Ansgar"]
[Black "Van Veenendaal, Elmer"]
[Result "1-0"]
[WhiteElo "2056"]
[BlackElo "1998"]
[WhiteTeam "CE Le Cavalier Differdange"]
[BlackTeam "Paul Keres 2"]
[WhiteFideId "4643461"]
[BlackFideId "1026801"]
[EventDate "2023.10.01"]

1. e4 d6 2. d4 g6 3. Nc3 Bg7 4. Be3 a6 5. Qd2 b5 6. O-O-O Bb7 7. f3 Nd7 8. h4 h6
9. g4 h5 10. gxh5 Rxh5 11. Nge2 e6 12. Qe1 Bf6 13. Bf2 g5 14. Rg1 e5 15. Kb1 Ne7
16. hxg5 Rxg5 17. Rxg5 Bxg5 18. Bh3 Bf6 19. Bh4 Ng6 20. Bg3 Qe7 21. Qf2 Nb6 22.
dxe5 dxe5 23. Nc1 Rd8 24. Qe1 Nc4 25. Bf1 Qb4 26. Rxd8+ Bxd8 27. Nb3 Bg5 28.
Bxc4 bxc4 29. Nc1 Bc6 30. Bf2 Nf4 31. Qf1 Bb5 32. N1e2 Nd3 33. cxd3 cxd3 34. Ng3
Bc4 35. Qd1 d2 36. Nf5 Bd3+ 37. Ka1 c5 38. Be3 Bxe3 39. Nxe3 Qd4 40. Qxd2 c4 41.
Ncd5 Kf8 42. Qb4+ Kg8 43. Nf6+ Kg7 44. Nf5+ Kxf6 45. Nxd4 exd4 46. Qd6+ 1-0

[Event "38th ECC Open 2023"]
[Site "Durres ALB"]
[Date "2023.10.05"]
[Round "5.8"]
[Board "6"]
[White "Titus, Branco"]
[Black "Jacques, Robert"]
[Result "1-0"]
[WhiteElo "1981"]
[BlackElo "2041"]
[WhiteTeam "Paul Keres 2"]
[BlackTeam "CE Le Cavalier Differdange"]
[WhiteFideId "1090143"]
[BlackFideId "603643"]
[EventDate "2023.10.01"]

1. e4 e5 2. Nf3 Nc6 3. Bb5 Nge7 4. d4 exd4 5. Nxd4 a6 6. Be2 Nxd4 7. Qxd4 Nc6 8.
Qe3 Bb4+ 9. c3 Ba5 10. Qg3 Qf6 11. Be3 b5 12. a3 O-O 13. Nd2 Re8 14. Rc1 Ne7 15.
Bf3 d5 16. O-O Bb7 17. Rfe1 Rad8 18. Nb3 Bb6 19. Nc5 Bxc5 20. Bxc5 c6 21. Qc7
Bc8 22. exd5 Nxd5 23. Bxd5 1-0

[Event "38th ECC Open 2023"]
[Site "Durres ALB"]
[Date "2023.10.05"]
[Round "5.9"]
[Board "1"]
[White "Mikhalevski, Victor"]
[Black "Kucuksari, Kaan"]
[Result "1/2-1/2"]
[WhiteTitle "GM"]
[BlackTitle "IM"]
[WhiteElo "2527"]
[BlackElo "2493"]
[WhiteTeam "Beer Sheva Chess Club"]
[BlackTeam "Lunds ASK"]
[WhiteFideId "2801914"]
[BlackFideId "6380166"]
[EventDate "2023.10.01"]

1. d4 f5 2. c4 Nf6 3. Nc3 d6 4. Bg5 Nbd7 5. e3 g6 6. Bd3 Bg7 7. f3 e5 8. Nge2
O-O 9. Bc2 b6 10. Ba4 Bb7 11. d5 Qe7 12. O-O Rfc8 13. Rc1 Qf7 14. b4 Kh8 15. Bh4
Bh6 16. Bf2 a5 17. a3 Qe7 18. Qd2 Kg8 19. Rfd1 Qf7 20. h3 Rd8 21. Qc2 Kh8 22.
Rb1 axb4 23. axb4 Qe7 24. Rf1 Rdc8 25. Ra1 c6 26. dxc6 Bxc6 27. Bxc6 Rxa1 28.
Rxa1 Rxc6 29. Ra8+ Kg7 30. Qa2 Qf7 31. Nd5 Nxd5 32. cxd5 Rc7 33. Qb3 Nf6 34. Nc3
Qd7 35. Ra6 Qc8 36. Ra3 g5 37. e4 g4 38. hxg4 fxg4 39. Bxb6 Rb7 40. Ra7 Rxa7 41.
Bxa7 Qa6 42. Bf2 Qd3 43. Qb2 gxf3 44. gxf3 Qxf3 45. Qc2 Bf4 46. Ba7 Ng4 47. Qg2
Be3+ 48. Bxe3 Qxe3+ 49. Kf1 h5 50. Nd1 Qb3 51. Nf2 Qb1+ 52. Ke2 Qb2+ 53. Kf1
Qc1+ 54. Ke2 Qc4+ 55. Kd1 Qd4+ 56. Ke2 Qc4+ 57. Kd1 Qd4+ 58. Ke2 Qe3+ 59. Kf1
Qf4 60. Ke2 Qe3+ 61. Kf1 Qc1+ 62. Ke2 Qc2+ 63. Ke1 Kh8 64. Qf3 Qb1+ 65. Nd1
Qxb4+ 66. Nc3 Kg7 67. Kd2 Qd4+ 68. Ke2 Qc4+ 69. Kd2 Qd4+ 70. Ke2 Qg1 71. Nb5 Qc5
72. Nc3 Qb6 73. Kd3 Qg1 74. Nb5 Qb6 75. Nc3 Qa6+ 76. Kd2 Qc4 77. Ne2 Qa2+ 78.
Kd3 Qb1+ 79. Kd2 Qb2+ 80. Kd3 Qa3+ 81. Nc3 Qa7 82. Ne2 Nf2+ 83. Kd2 Qa5+ 84. Nc3
Qb6 85. Qxh5 Qb2+ 86. Ke3 Qxc3+ 87. Kxf2 Qd4+ 88. Kf1 Qxe4 89. Qg5+ Qg6 90. Qd2
Qg3 91. Qa5 Qf3+ 92. Ke1 Qe3+ 93. Kf1 Qc1+ 94. Kg2 Qc2+ 95. Kg3 Qg6+ 96. Kf3
Qf5+ 97. Ke2 Qc2+ 98. Kf3 Qb3+ 99. Kg4 Qb7 100. Qa2 Qf7 101. Qc4 Qg6+ 102. Kf3
Qf5+ 103. Ke2 Kg6 104. Qc6 Qe4+ 105. Kd1 Qd4+ 106. Ke2 Qb2+ 107. Kd3 Qa3+ 108.
Kc4 Kg5 109. Qb7 Kf4 110. Qf7+ Ke3 111. Kb5 Qc5+ 112. Ka6 Ke4 113. Qg8 Kd4 114.
Qg2 Qc4+ 115. Kb6 Qc5+ 116. Ka6 Qxd5 117. Qg1+ Kc3 118. Qc1+ Kb4 119. Qe1+ Kc5
120. Qa5+ Kc6 121. Qb6+ Kd7 122. Qa7+ Ke6 123. Qh7 Qc6+ 124. Ka5 Qc3+ 125. Ka4
Kd5 126. Qg8+ Kc5 127. Qc8+ Kd4 128. Qh8 d5 129. Qg7 Qa1+ 130. Kb5 Qf1+ 131. Kb6
Ke4 132. Qh7+ Qf5 133. Qh1+ Qf3 134. Qb1+ Kf4 135. Kc5 d4 136. Qc1+ Kf5 137. Kd6
d3 138. Qh6 e4 139. Kc5 Qf2+ 140. Kd5 Qa2+ 141. Kd4 Qa7+ 142. Kc4 Qf7+ 143. Kb4
Qe7+ 144. Ka4 e3 145. Qh3+ Kf4 146. Qf1+ Ke4 147. Qg2+ Ke5 148. Qh2+ Ke6 149.
Qa2+ Kf6 150. Qd5 e2 151. Qf3+ Kg7 152. Qg4+ Kf8 153. Qf5+ Ke8 154. Qc8+ Kf7
155. Qf5+ Kg7 156. Qg4+ Kf8 157. Qf5+ Kg7 158. Qg4+ 1/2-1/2